| 000 | 00828nam a22002177a 4500 | ||
|---|---|---|---|
| 003 | OSt | ||
| 005 | 20260127035910.0 | ||
| 008 | 260127b |||||||| |||| 00| 0 eng d | ||
| 020 | _a13 : 978-0-521-61687-4. | ||
| 040 |
_aDWCL-Main lib _cOC |
||
| 082 | _aCirc. 420 K59w 2007 | ||
| 100 | _aKirkpatrick, Andy | ||
| 245 |
_aWorld Englishes : _bimplications for international communication and English language teaching _cKirkpatrick, Andy |
||
| 260 |
_aUK : _bCambridge University Press, _cc2007. |
||
| 300 |
_ax, 257 pages : _bchiefly illustration ; _c24 cm. |
||
| 650 | _a1. English language-Dialects. | ||
| 650 | _a2. English language-Study and teaching. | ||
| 650 | _a3. English language-Variation-English speaking countries. | ||
| 650 | _a4. English language-Variation-Foreiign countries. | ||
| 942 |
_2ddc _cBK-CIRC _kCirc. _n0 |
||
| 999 |
_c7856 _d7856 |
||